Einführung in die Programmierung mit Modula-2
Guardado en:
| Autor principal: | |
|---|---|
| Otros Autores: | , |
| Formato: | Libro |
| Lenguaje: | alemán |
| Publicado: |
Berlin
Springer
1987
|
| Edición: | 2. korrig. Aufl. |
| Etiquetas: |
Sin Etiquetas, Sea el primero en etiquetar este registro!
|
MARC
| LEADER | 00000nam a2200000 4500 | ||
|---|---|---|---|
| 001 | c036639 | ||
| 005 | 20250519122459.4 | ||
| 041 | 0 | |a ger | |
| 044 | |a DE | ||
| 245 | 1 | 0 | |a Einführung in die Programmierung mit Modula-2 |c Günter Blaschek, Gustav Pomberger, Franz Ritzinger |
| 250 | |a 2. korrig. Aufl. | ||
| 264 | 1 | |a Berlin |b Springer |c 1987 | |
| 300 | |a 279 s. | ||
| 100 | 1 | |a Blaschek, Günter | |
| 700 | 1 | |a Pomberger, Gustav | |
| 700 | 1 | |a Ritzinger, Franz | |